Research methodology (Record no. 16268)

000 -LEADER
fixed length control field 00621nam a22001817a 4500
008 - FIXED-LENGTH DATA ELEMENTS--GENERAL INFORMATION
fixed length control field 160314b xxu||||| |||| 00| 0 eng d
020 ## - INTERNATIONAL STANDARD BOOK NUMBER
International Standard Book Number 9788131704967
040 ## - CATALOGING SOURCE
Original cataloging agency 0
082 ## - DEWEY DECIMAL CLASSIFICATION NUMBER
Classification number 001.42
Author Mark KUM 2005
100 ## - MAIN ENTRY--PERSONAL NAME
Personal name Kumar, Ranjit
245 ## - TITLE STATEMENT
Title Research methodology
Remainder of title A step-by- step Gudie for beginners
300 ## - PHYSICAL DESCRIPTION
Extent xix;332 p.
Other physical details ill
650 ## - SUBJECT ADDED ENTRY--TOPICAL TERM
Topical term or geographic name entry element Research: a way of thinking, The research process: A quick glance, Formulation a research problem
650 ## - SUBJECT ADDED ENTRY--TOPICAL TERM
Topical term or geographic name entry element Conceptualising a research design
650 ## - SUBJECT ADDED ENTRY--TOPICAL TERM
Topical term or geographic name entry element Constructing an instrument for data collection
650 ## - SUBJECT ADDED ENTRY--TOPICAL TERM
Topical term or geographic name entry element writing a research proposal
942 ## - ADDED ENTRY ELEMENTS (KOHA)
Source of classification or shelving scheme
Koha item type Book
Holdings
Withdrawn status Lost status Damaged status Not for loan Collection code Permanent Location Current Location Shelving location Date acquired Total Checkouts Full call number Barcode Date last seen Date last checked out Price effective from Koha item type
          Centre for International Peace & Stability (CIPS) Centre for International Peace & Stability (CIPS) General Stacks 03/14/2016 2 001.42 KUM 2005 CIPS0002761 11/04/2025 10/20/2025 03/14/2016 Book
© 2023 Central Library, National University of Sciences and Technology. All Rights Reserved.